000 00410nam a2200181Ia 4500
001 15737
005 20260306170218.0
008 260306t1971||||xx |||||||||||||| ||und||
041 _aESP
082 _a604.2
_bF83
100 _aFrench, Thomas E.
_eAUT
245 0 _aDibujo técnico
260 _c1971
300 _a552 páginas :
_c25 cm.
650 _aGEN
654 _aCAU
942 _cLIB
_dJUS
_fJUS
_2ddc
_n
999 _c15737
_d15737